Drużyny które zajęły drugie miejsce (runner-up) na Major w CS:GO i CS2 - Statystyki

Ogólne statystyki
  • Ten quiz został rozwiązany 38 razy
  • Średni wynik to 20 z 23
Statystyki odpowiedzi
Wydarzenie Zwycięzca % Poprawnych
ELEAGUE Boston 2018 FaZe
100%
PGL Copenhagen 2024 FaZe
100%
Perfect World Shanghai 2024 FaZe
100%
StarLadder Budapest 2025 FaZe
100%
DreamHack Winter 2013 Ninjas in Pyjamas
100%
EMS One Katowice 2014 Ninjas in Pyjamas
100%
ESL One Cologne 2014 Ninjas in Pyjamas
100%
ESL One Katowice 2015 Ninjas in Pyjamas
100%
DreamHack Winter 2014 Fnatic
97%
ELEAGUE Atlanta 2017 Virtus.pro
97%
PGL Stockholm 2021 G2
94%
DreamHack Cluj-Napoca 2015 Natus Vincere
94%
MLG Columbus 2016 Natus Vincere
94%
FACEIT London 2018 Natus Vincere
94%
PGL Antwerp 2022 Natus Vincere
94%
BLAST.tv Paris 2023 GamerLegion
91%
BLAST.tv Austin 2025 The MongolZ
78%
IEM Rio 2022 Heroic
72%
ESL One Cologne 2016 Team Liquid
72%
IEM Katowice 2019 ENCE
69%
ESL One Cologne 2015 EnVyUs
59%
StarLadder Berlin 2019 AVANGAR
44%
PGL Kraków 2017 Immortals
44%
Nie znaleziono quizów pasujących do podanych kryteriów
Rozkład punktacji
Procent ludzi z każdym wynikiem
Percentyl według liczby udzielonych odpowiedzi
Twoja historia wyników
Nie rozwiązałeś tego quizu